000
00227nam a22000977a 4500
999
_c
262397
_d
262396
020
_a
0439434335
100
_a
Michael Teitelbaum
245
_a
If I Could Drive An Ambulance
260
_a
New York
_b
Scholastic
_c
2003
942
_c
BK